On This Day (September 30th) Multiple Choice - Statistics

General Stats
  • This quiz has been taken 12 times
  • The average score is 5 of 15
Answer Stats
Question Answer % Correct
1966 – Bechuanaland declares its independence, and becomes the which country ? Botswana
64%
2016 – Which hurricane becomes a Category 5 hurricane, making it the strongest hurricane to form in the Caribbean Sea since 2007 ? Matthew
64%
1520 – Suleiman I is proclaimed sultan of the Ottoman Empire. By what nickname was he known ? Suleiman the Magnificent
64%
2016 – Two paintings with a combined value of $100 million are recovered after having been stolen from which museum in 2002 ? Van Gogh Museum
45%
1907 – The McKinley National Memorial, the final resting place of assassinated U.S. President William McKinley and his family, is dedicated in which city ? Canton, Ohio
36%
1882 – Thomas Edison's first commercial hydroelectric power plant (later known as Appleton Edison Light Company) begins operation on which river ? Fox River
36%
1915 – World War I: Radoje Ljutovac becomes the first soldier in history to do what ? Shoot down an enemy aircraft
36%
1968 – Which aircraft is rolled out and shown to the public for the first time ? Boeing 747
27%
1947 – Which Asian country joins the United Nations ? Pakistan
27%
1791 – The first performance of which of Mozart's operas takes place two months before his death ? The Magic Flute
27%
1994 – Aldwych tube station (originally Strand Station) of the London Underground closes after how many years in service ? 88
18%
1931 – Start of "Die Voortrekkers" youth movement for Afrikaners in which South African city ? Bloemfontein
18%
2005 – Controversial drawings of Muhammad are printed in a newspaper from which country ? Denmark
18%
1399 – Who is proclaimed king of England ? Henry IV
18%
1939 – NBC broadcasts the first televised game of which sport ? American football
9%
No matching quizzes found
Score Distribution
Percent of People with Each Score
Percentile by Number Answered
Your Score History
You have not taken this quiz